| 000 | 00752nam a22001817a 4500 | ||
|---|---|---|---|
| 999 |
_c194113 _d194113 |
||
| 005 | 20230321124227.0 | ||
| 010 | _aB-746936 E.N.A./7.11.22 | ||
| 020 |
_a9789384401061 _c250.00 |
||
| 035 | _aB-746936 | ||
| 082 | _a921 | ||
| 245 |
_aSaint Mother Teresa: _bA Biography/ _cedited by Kaushal K. Goyal |
||
| 260 |
_aNew Delhi _bPigeon Books India _c2018 |
||
| 270 |
_a16, Ansari Road, Daryaganj _bNew Delhi _e110002 _k9810229648 _mgeneralbookdepot@yahoo.com |
||
| 300 |
_a158p. _c20cm(pbk) |
||
| 700 | _aK.Goyal, Kaushal | ||
| 942 |
_2ddc _cEN _mSAI _h921 |
||